Largest Cities in Florida by Letter - Statistics

General Stats
  • This quiz has been taken 49 times
  • The average score is 12 of 25
Answer Stats
Letter Population City % Correct
J 903,889 Jacksonville
100%
T 392,890 Tampa
100%
O 285,713 Orlando
98%
M 470,914 Miami
95%
F 182,595 Fort Lauderdale
85%
S 265,098 St. Petersburg
85%
H 238,942 Hialeah
68%
G 133,857 Gainesville
66%
C 189,343 Cape Coral
59%
W 111,398 West Palm Beach
54%
K 73,597 Kissimmee
51%
P 195,248 Port St. Lucie
51%
B 99,244 Boca Raton
49%
L 110,516 Lakeland
49%
Z 15,563 Zephyrhills
27%
D 106,558 Davie
24%
A 53,489 Apopka
22%
V 23,376 Venice
22%
N 68,628 North Port
20%
Q 7,325 Quincy
10%
Y 519 Yankeetown
10%
E 33,474 Estero
7%
I 8,565 Indian Harbour Beach
2%
R 34,834 Riviera Beach
2%
U 3,805 Umatilla
2%
No matching quizzes found
Score Distribution
Percent of People with Each Score
Percentile by Number Answered
Your Score History
You have not taken this quiz